Poprad

Zobrazenie: pohľad na strechy domov, lietadlo, hotel Gerlach, dve fotografie z letiska, znak

Bibliographic Details
Other Authors: Sekal, Josef, 1936- (Photographer)
Format: Postcard
Language:Slovak
PhysicalDescription:1 pohľadnica (5 čiastkových pohľadov) farebná 15 x 11 cm
Published: Praha Orbis [medzi 1921 a 1978?]
Subjects:

MARC

LEADER 00000nkm a2200000 a 4500
001 vtls011614682
003 SK-MaSNL
005 20260331210516.0
007 kp co
008 231206q1921 xr g kuslo
015 |a SNBG 
040 |a SNK  |b slo  |c SNK  |e AACR2 
041 0 |a slo 
043 |a e-xo--- 
044 |a xr  |c CZ 
080 |a (084.121)  |2 2011 
080 |a 913(437.671)  |2 2008 
100 1 |a Sekal, Josef,  |d 1936-  |4 pht  |9 83549 
245 1 0 |a Poprad  |h grafika  |c foto J. Sekal 
260 |a Praha  |b Orbis  |c [medzi 1921 a 1978?] 
300 |a 1 pohľadnica (5 čiastkových pohľadov)  |b farebná  |c 15 x 11 cm 
520 8 |a Zobrazenie: pohľad na strechy domov, lietadlo, hotel Gerlach, dve fotografie z letiska, znak 
651 7 |a Poprad (Slovensko)  |2 SNKPH  |9 20155 
655 7 |a miestne pohľadnice  |2 SNKPH  |9 70510 
958 |a GC 
958 |a OND 
958 |a GBN 
999 |c 948113  |d 950043 
952 |a SNK  |b SNK  |y PREZ  |7 0  |p 17A1223088  |o snkSP 19641  |0 0  |1 0  |4 0  |d 2017-02-28  |f 1  |l 0  |r 2026-02-24 09:39:45  |w 2026-02-24